Domestic workers and the law; A critical evaluation of the rights of domestic workers under Kenyan law (Record no. 3999)
| 000 -LEADER | |
|---|---|
| fixed length control field | 00457nam a22001457a 4500 |
| 003 - CONTROL NUMBER IDENTIFIER | |
| control field | OSt |
| 005 - DATE AND TIME OF LATEST TRANSACTION | |
| control field | 20180618140133.0 |
| 008 - FIXED-LENGTH DATA ELEMENTS--GENERAL INFORMATION | |
| fixed length control field | 180618b xxu||||| |||| 00| 0 eng d |
| 050 ## - LIBRARY OF CONGRESS CALL NUMBER | |
| Classification number | RUSC HD8039.S86.M83 2018 |
| 100 ## - MAIN ENTRY--PERSONAL NAME | |
| Personal name | Mwaniki, W. Faith |
| 245 ## - TITLE STATEMENT | |
| Title | Domestic workers and the law; A critical evaluation of the rights of domestic workers under Kenyan law |
| Statement of responsibility, etc | Faith Wanagari Mwaniki |
| 260 ## - PUBLICATION, DISTRIBUTION, ETC. (IMPRINT) | |
| Place of publication, distribution, etc | Nairobi |
| Date of publication, distribution, etc | 2018 |
| 300 ## - PHYSICAL DESCRIPTION | |
| Extent | 26 p: |
| Dimensions | 24 cm |
| 942 ## - ADDED ENTRY ELEMENTS (KOHA) | |
| Source of classification or shelving scheme | |
| Koha item type | Research Project |
| Withdrawn status | Lost status | Source of classification or shelving scheme | Damaged status | Not for loan | Home library | Current library | Shelving location | Date acquired | Total Checkouts | Full call number | Barcode | Date last seen | Price effective from | Koha item type |
|---|---|---|---|---|---|---|---|---|---|---|---|---|---|---|
| Riara University Library | Riara University Library | Special Collection | 18/06/2018 | RUSC HD8039.S86.M83 2018 | 10024/18 | 18/06/2018 | 18/06/2018 | Research Project |
